| 000 | 00785nam a22002057a 4500 | ||
|---|---|---|---|
| 999 |
_c9887 _d9887 |
||
| 003 | AR-CdUCM | ||
| 008 | 190328b ||||| |||| 00| 0 spa d | ||
| 040 |
_aMUNICIPALIDAD PROVINCIAL DEL CUSCO _cBIBLIOTECA MUNICIPAL DEL CUSCO |
||
| 041 | _heng | ||
| 082 |
_23ed. _a133.5 / _bH36 / 1947 |
||
| 100 |
_aHeindel, Max _926407 |
||
| 245 | _aAstrología científica simplificada / | ||
| 260 |
_aBuenos Aires : _bKier, _c1947. |
||
| 300 |
_a234 páginas ; _bIlustraciones, _c20 cm. |
||
| 505 | _aContenido: El valor practico de la astrología -- Los planetas y los siete espíritus ante el trono -- Hora y lugar como factor para el calculo de un horóscopo -- Signos y casas ... | ||
| 650 |
_aNovelas inglesas _91158 |
||
| 650 |
_aAstrología _97684 |
||
| 942 |
_2ddc _cLIBROS |
||
| 945 | _awnts | ||